[Event "World Senior Teams +50"]
[Site "Radebeul GER"]
[Date "2016.07.01"]
[Round "6.5"]
[Board "4"]
[White "Ross, David"]
[Black "Sandner, Gunter"]
[Result "1/2-1/2"]
[WhiteTitle "IM"]
[BlackTitle "FM"]
[WhiteElo "2296"]
[BlackElo "2267"]
[WhiteTeam "Canada"]
[BlackTeam "Thueringen"]
[WhiteFideId "2600277"]
[BlackFideId "4646401"]
[EventDate "2016.06.26"]

1. Nf3 g6 2. c4 Bg7 3. g3 Nf6 4. Bg2 O-O 5. O-O Nc6 6. Nc3 d5 7. cxd5 Nxd5 8. d4
Nb6 9. e3 e5 10. d5 Na5 11. e4 c6 12. Bg5 f6 13. Be3 cxd5 14. Bxb6 Qxb6 15. Nxd5
Qd8 16. Rc1 Bg4 17. h3 Bxf3 18. Qxf3 Nc6 19. h4 Qd6 20. Rc4 Rad8 21. Rfc1 Rf7
22. Kh1 f5 23. exf5 gxf5 24. Qa3 e4 25. Nb4 Ne5 26. Rc8 Rff8 27. Qb3+ Kh8 28.
Rxd8 Rxd8 29. Rf1 Qd2 30. Nc2 Ng4 31. Kg1 Rc8 32. Ne3 Nxe3 33. Qxe3 Qxb2 34.
Qxa7 Bd4 35. Qa5 b5 36. a4 Rb8 37. axb5 Qxb5 38. Qxb5 Rxb5 39. g4 fxg4 40. Bxe4
g3 41. Kg2 gxf2 42. Rd1 Bb6 43. Rb1 Re5 44. Rxb6 Rxe4 45. Kxf2 Rxh4 46. Rb7 1/2-1/2

[Event "World Senior Teams +50"]
[Site "Radebeul GER"]
[Date "2016.07.01"]
[Round "6.6"]
[Board "3"]
[White "Boehm, Martin"]
[Black "Doering, Hans-Ulrich"]
[Result "1/2-1/2"]
[WhiteElo "2234"]
[BlackElo "2131"]
[WhiteTeam "Post-SV Ulm"]
[BlackTeam "SV Eiche Reichenbrand"]
[WhiteFideId "4608356"]
[BlackFideId "24642495"]
[EventDate "2016.06.26"]

1. Nf3 c5 2. g3 Nf6 3. Bg2 g6 4. d3 Nc6 5. O-O Bg7 6. e4 e5 7. a3 d5 8. exd5
Nxd5 9. Nbd2 O-O 10. Ne4 b6 11. c4 Nc7 12. Rb1 f5 13. Nc3 Bb7 14. Bg5 Qd7 15. b4
Ne6 16. Nd5 Ncd4 17. Nxd4 Nxg5 18. h4 cxd4 19. hxg5 Rae8 20. Re1 b5 21. Qb3 bxc4
22. Qxc4 Kh8 23. Qc7 Rd8 24. Qxd7 Rxd7 25. Nf6 Bxf6 1/2-1/2

[Event "World Senior Teams +50"]
[Site "Radebeul GER"]
[Date "2016.07.01"]
[Round "6.6"]
[Board "4"]
[White "Koetzsch, Ulrich"]
[Black "Pieper, Thomas"]
[Result "1/2-1/2"]
[WhiteElo "2106"]
[BlackElo "2226"]
[WhiteTeam "SV Eiche Reichenbrand"]
[BlackTeam "Post-SV Ulm"]
[WhiteFideId "4689771"]
[BlackFideId "4606299"]
[EventDate "2016.06.26"]

1. d4 Nf6 2. Nf3 g6 3. Bg5 Bg7 4. c3 d6 5. Nbd2 h6 6. Bxf6 Bxf6 7. e4 c5 8. Bc4
cxd4 9. Nxd4 Nc6 10. N2f3 Qc7 11. Qd3 Bd7 12. O-O Rc8 13. Bd5 Kf8 14. Rad1 Kg7
15. h3 Na5 16. Nd2 b5 17. f4 Nc4 18. Bxc4 bxc4 19. Qe2 Ba4 20. Rde1 Bxd4+ 21.
cxd4 Qb6 22. Nf3 Bb5 23. Rf2 Qa5 24. f5 1/2-1/2

[Event "World Senior Teams +50"]
[Site "Radebeul GER"]
[Date "2016.07.01"]
[Round "6.7"]
[Board "1"]
[White "Gempe, Thomas"]
[Black "Plaskett, H James"]
[Result "0-1"]
[WhiteTitle "FM"]
[BlackTitle "GM"]
[WhiteElo "2206"]
[BlackElo "2445"]
[WhiteTeam "Schachfreunde Leipzig 50+"]
[BlackTeam "England 2"]
[WhiteFideId "4615638"]
[BlackFideId "400238"]
[EventDate "2016.06.26"]

1. d4 e6 2. c4 b6 3. e4 Bb7 4. Bd3 f5 5. exf5 Bb4+ 6. Kf1 Nf6 7. Nf3 exf5 8. a3
Bd6 9. Bxf5 O-O 10. Nc3 Qe8 11. c5 Ba6+ 12. Bd3 bxc5 13. dxc5 Bxc5 14. Bxa6 Nxa6
15. Qd3 Qc8 16. b4 Bb6 17. Nd5 Qb7 18. Nxf6+ Rxf6 19. Bb2 Rf7 20. h4 c5 21. b5
Nc7 22. h5 h6 23. Rh3 Ne6 24. Rg3 Nf4 25. Qd6 Bc7 26. Qxc5 Ne6 27. Qc4 Bxg3 28.
fxg3 Rxf3+ 29. gxf3 Qxf3+ 30. Kg1 Qxg3+ 31. Kh1 Qf3+ 32. Kg1 d5 0-1

[Event "World Senior Teams +50"]
[Site "Radebeul GER"]
[Date "2016.07.01"]
[Round "6.7"]
[Board "2"]
[White "Lewis, Andrew P"]
[Black "Pruefer, Friedbert"]
[Result "1-0"]
[WhiteTitle "FM"]
[WhiteElo "2269"]
[BlackElo "2165"]
[WhiteTeam "England 2"]
[BlackTeam "Schachfreunde Leipzig 50+"]
[WhiteFideId "400955"]
[BlackFideId "24699772"]
[EventDate "2016.06.26"]

1. c4 Nf6 2. Nc3 d5 3. cxd5 Nxd5 4. Nf3 g6 5. Qa4+ Bd7 6. Qh4 Nxc3 7. Qd4 f6 8.
Qxc3 Nc6 9. e3 e5 10. a3 Qe7 11. b4 a6 12. Bb2 Bg7 13. Bc4 Be6 14. Rc1 O-O 15.
d3 Rfd8 16. O-O Bxc4 17. Qxc4+ Qf7 18. Qxf7+ Kxf7 19. d4 Rd7 20. dxe5 Nxe5 21.
Bxe5 fxe5 22. Ng5+ Ke7 23. Ne4 b6 24. g4 Rf8 25. Rc6 Kd8 26. Rfc1 Bh6 27. a4 Kc8
28. g5 Bg7 29. Rxb6 Rd1+ 30. Rxd1 cxb6 31. Rd6 Kc7 32. Re6 Rd8 33. a5 Bf8 34.
Rxb6 Rd1+ 35. Kg2 Rb1 36. Rxa6 Rxb4 37. Kf3 Be7 38. Ra7+ Rb7 39. Rxb7+ Kxb7 40.
h4 Ka6 41. Nf6 Kxa5 42. Nxh7 Kb5 43. h5 1-0

[Event "World Senior Teams +50"]
[Site "Radebeul GER"]
[Date "2016.07.01"]
[Round "6.7"]
[Board "3"]
[White "Teichgraeber, Michael"]
[Black "Lauterbach, Ingrid"]
[Result "1-0"]
[BlackTitle "WIM"]
[WhiteElo "2081"]
[BlackElo "2107"]
[WhiteTeam "Schachfreunde Leipzig 50+"]
[BlackTeam "England 2"]
[WhiteFideId "4683129"]
[BlackFideId "405221"]
[EventDate "2016.06.26"]

1. c4 d6 2. Nc3 e5 3. g3 g6 4. Bg2 Bg7 5. d3 c6 6. e3 f5 7. Nge2 Nf6 8. b4 O-O
9. O-O d5 10. cxd5 Nxd5 11. Nxd5 cxd5 12. Qb3 e4 13. Rb1 Kh8 14. Bb2 Nc6 15.
Bxg7+ Kxg7 16. Nf4 Ne5 17. Qb2 Qd6 18. Rfd1 g5 19. dxe4 gxf4 20. exf4 d4 21.
fxe5 Qxe5 22. Qxd4 Qxd4 23. Rxd4 f4 24. Rc1 fxg3 25. hxg3 Be6 26. a4 a5 27. Rc7+
Rf7 28. Rxf7+ Kxf7 29. f4 b6 30. f5 Bb3 31. e5 Rc8 32. bxa5 Rc1+ 33. Kh2 bxa5
34. Bd5+ Bxd5 35. Rxd5 Rf1 36. f6 Ke6 37. Rxa5 h5 38. Rb5 Ra1 39. a5 Kd7 40. Kg2
Ke6 41. Kf3 Ra3+ 42. Kg2 Ra1 43. Rc5 Ra2+ 44. Kh3 Ra4 45. Rc6+ Kf7 46. Rc7+ Kg6
47. f7 Kg7 48. e6 Re4 49. Rc8 1-0

[Event "World Senior Teams +50"]
[Site "Radebeul GER"]
[Date "2016.07.01"]
[Round "6.7"]
[Board "4"]
[White "Bowmer, Kevin"]
[Black "Schober, Ralf"]
[Result "1/2-1/2"]
[WhiteElo "2071"]
[BlackElo "2029"]
[WhiteTeam "England 2"]
[BlackTeam "Schachfreunde Leipzig 50+"]
[WhiteFideId "416690"]
[BlackFideId "4673140"]
[EventDate "2016.06.26"]

1. e4 d6 2. d4 Nf6 3. Nc3 e5 4. Nf3 Nbd7 5. Bc4 Be7 6. O-O h6 7. Re1 c6 8. a4
Qc7 9. h3 g5 10. b3 Nf8 11. Nh2 Ng6 12. f3 Nf4 13. Nf1 Kf8 14. Be3 Rg8 1/2-1/2

[Event "World Senior Teams +50"]
[Site "Radebeul GER"]
[Date "2016.07.01"]
[Round "6.8"]
[Board "1"]
[White "Scheuermann, Bernhard"]
[Black "Revuckij, Vladimir"]
[Result "1/2-1/2"]
[BlackTitle "IM"]
[WhiteElo "2229"]
[BlackElo "2401"]
[WhiteTeam "SV Dresden-Striesen 1990 e.V."]
[BlackTeam "Obuchiw"]
[WhiteFideId "16203283"]
[BlackFideId "14106167"]
[EventDate "2016.06.26"]

1. e4 c5 2. c3 Nf6 3. e5 Nd5 4. Nf3 e6 5. d4 cxd4 6. cxd4 Nc6 7. Nc3 Nxc3 8.
bxc3 d6 9. exd6 Bxd6 10. Bd3 Qc7 11. O-O Ne7 12. Re1 Ng6 13. g3 O-O 14. c4 b6
15. Ng5 1/2-1/2

[Event "World Senior Teams +50"]
[Site "Radebeul GER"]
[Date "2016.07.01"]
[Round "6.8"]
[Board "2"]
[White "Ianov, Viktor"]
[Black "Arenhoevel, Mark"]
[Result "1/2-1/2"]
[WhiteTitle "IM"]
[WhiteElo "2324"]
[BlackElo "2090"]
[WhiteTeam "Obuchiw"]
[BlackTeam "SV Dresden-Striesen 1990 e.V."]
[WhiteFideId "14102730"]
[BlackFideId "4684540"]
[EventDate "2016.06.26"]

1. Nf3 Nf6 2. g3 g6 3. b3 d6 4. Bb2 e5 5. c4 Nc6 6. Bg2 Bg7 7. O-O O-O 8. Nc3
Re8 9. d3 h6 10. h3 Be6 11. e4 Qd7 12. Kh2 Rf8 13. Nd5 Ne7 14. Qd2 Kh7 15. Rad1
c5 16. b4 b6 17. b5 Bxd5 18. exd5 a6 19. a4 axb5 20. axb5 Ra2 21. Rb1 Rfa8 22.
Kg1 R8a4 23. Qd1 e4 24. Ne1 exd3 25. Bxf6 Bxf6 26. Qxd3 Qf5 27. Be4 Qxh3 28. Nc2
h5 29. Rb3 Kg7 30. Re1 Be5 31. Bg2 Qf5 32. Be4 Qh3 33. Bg2 Qf5 34. Be4 Qh3 35.
Bg2 1/2-1/2

[Event "World Senior Teams +50"]
[Site "Radebeul GER"]
[Date "2016.07.01"]
[Round "6.8"]
[Board "3"]
[White "Lehmann, Wolfgang"]
[Black "Kernazhitsky, Leonid"]
[Result "0-1"]
[BlackTitle "IM"]
[WhiteElo "2048"]
[BlackElo "2285"]
[WhiteTeam "SV Dresden-Striesen 1990 e.V."]
[BlackTeam "Obuchiw"]
[WhiteFideId "16212908"]
[BlackFideId "14102102"]
[EventDate "2016.06.26"]

1. Nf3 d5 2. d4 Nf6 3. c4 dxc4 4. Nc3 a6 5. a4 Nc6 6. e3 Bg4 7. Bxc4 e6 8. O-O
Bd6 9. b3 O-O 10. Bb2 Qe7 11. Be2 Rfd8 12. Nd2 Bxe2 13. Qxe2 Na5 14. Rab1 c5 15.
dxc5 Bxc5 16. Nce4 Nxe4 17. Nxe4 Bb4 18. Bd4 f5 19. Ng3 Nc6 20. Bb6 Rd5 21. Rfd1
Rxd1+ 22. Rxd1 Rf8 23. Qc4 Kh8 24. Ne2 e5 25. g3 h6 26. Qd5 Rf7 27. f4 Kh7 28.
fxe5 Nxe5 29. Nf4 Ng4 30. Rd3 g6 31. Qe6 Nf6 32. Qxe7 Bxe7 33. Nd5 Ne4 34. Nxe7
Rxe7 35. Rd8 g5 36. Bd4 Rc7 37. Be5 Rc1+ 38. Kg2 Rc2+ 39. Kf1 Nd2+ 40. Ke2 Nxb3+
41. Kd1 Rxh2 42. Rd7+ Kg8 43. Rxb7 Nc5 44. Rb8+ Kf7 45. a5 Ra2 46. Bc7 Ke6 47.
Rh8 Rh2 48. Bb6 Ne4 49. Bc7 Kd5 50. Rf8 Nc3+ 51. Kc1 Kc4 52. Be5 Na2+ 53. Kb1
Kb3 54. Rb8+ Nb4 55. Kc1 Ka4 56. Kd1 Nc6 57. Re8 Nxa5 58. Rf8 Nc4 59. Bd4 Rg2
60. Rxf5 Rxg3 61. Rf6 a5 62. Ke2 h5 63. Kf2 h4 64. Rf5 Kb4 65. Bc5+ Kc3 66. Be7
Nxe3 67. Rxa5 Kd3 68. Rxg5 Ng4+ 69. Kf1 Ke4 70. Rh5 h3 71. Bd6 Ne3+ 72. Kf2 Rg2+
73. Ke1 Kd3 0-1

[Event "World Senior Teams +50"]
[Site "Radebeul GER"]
[Date "2016.07.01"]
[Round "6.8"]
[Board "4"]
[White "Semenov, Valeri"]
[Black "Glasewald, Stefan"]
[Result "1-0"]
[WhiteTitle "FM"]
[WhiteElo "2279"]
[BlackElo "2045"]
[WhiteTeam "Obuchiw"]
[BlackTeam "SV Dresden-Striesen 1990 e.V."]
[WhiteFideId "14101319"]
[BlackFideId "4656504"]
[EventDate "2016.06.26"]

1. c4 Nf6 2. b3 e5 3. Bb2 Nc6 4. d3 d5 5. cxd5 Bb4+ 6. Nd2 Nxd5 7. Nf3 Qe7 8. a3
Bc3 9. Bxc3 Nxc3 10. Qc2 Nd5 11. e3 O-O 12. Be2 Bg4 13. O-O Nf6 14. Rfc1 Rac8
15. b4 a6 16. Qc5 Nd7 17. Qxe7 Nxe7 18. h3 Bh5 19. Nc4 f6 20. Nfxe5 Nxe5 21.
Bxh5 Nxd3 22. Rc3 Ne5 23. Nxe5 fxe5 24. Bg4 Nf5 25. e4 Nd4 26. Bxc8 Ne2+ 27. Kf1
Nxc3 28. Bxb7 Rb8 29. Rc1 Rxb7 30. Rxc3 a5 31. bxa5 Rb5 32. Rxc7 Rxa5 33. Rc3
Kf7 34. Ke2 Rb5 35. h4 h6 36. Ke3 g5 37. hxg5 hxg5 38. a4 Rb1 39. Ra3 g4 40. a5
Re1+ 41. Kd3 Rd1+ 42. Ke2 Rd7 43. a6 Ra7 44. Kd3 1-0

[Event "World Senior Teams +50"]
[Site "Radebeul GER"]
[Date "2016.07.01"]
[Round "6.9"]
[Board "1"]
[White "Krebs, Johann"]
[Black "Heidrich, Manfred"]
[Result "0-1"]
[WhiteTitle "FM"]
[BlackTitle "FM"]
[WhiteElo "2273"]
[BlackElo "2339"]
[WhiteTeam "Graz"]
[BlackTeam "SC Forchheim e.V."]
[WhiteFideId "1603590"]
[BlackFideId "4602722"]
[EventDate "2016.06.26"]

1. d4 f5 2. g3 Nf6 3. Bg2 g6 4. Nf3 Bg7 5. O-O O-O 6. c4 d6 7. Nc3 Qe8 8. Re1 e5
9. dxe5 dxe5 10. e4 fxe4 11. Ng5 Nc6 12. Be3 Bg4 13. Qb3 Nd4 14. Bxd4 exd4 15.
Ncxe4 Nxe4 16. Qxb7 Nxg5 17. Rxe8 Raxe8 18. f4 Nh3+ 19. Kh1 g5 20. fxg5 d3 21.
Rf1 Rxf1+ 22. Bxf1 Rf8 23. Bg2 Re8 24. Bd5+ Kh8 25. Kg2 Re2+ 0-1

[Event "World Senior Teams +50"]
[Site "Radebeul GER"]
[Date "2016.07.01"]
[Round "6.9"]
[Board "2"]
[White "Bartsch, Berthold"]
[Black "Wegerer, Fred"]
[Result "0-1"]
[WhiteTitle "FM"]
[BlackTitle "FM"]
[WhiteElo "2270"]
[BlackElo "2110"]
[WhiteTeam "SC Forchheim e.V."]
[BlackTeam "Graz"]
[WhiteFideId "4604660"]
[BlackFideId "1601113"]
[EventDate "2016.06.26"]

1. Nc3 g6 2. e4 Bg7 3. g3 e5 4. Bg2 Ne7 5. d3 d6 6. Bg5 h6 7. Be3 Nbc6 8. Qd2
Nd4 9. Nd1 c5 10. c3 Ne6 11. c4 Rb8 12. Nc3 Nd4 13. f4 Nec6 14. Nf3 Be6 15. O-O
Nxf3+ 16. Rxf3 exf4 17. Bxf4 g5 18. Be3 Bd4 19. Bxd4 Nxd4 20. Rf2 b5 21. cxb5
O-O 22. Raf1 f6 23. a4 Kg7 24. Ne2 Nb3 25. Qc3 Qa5 26. d4 Qxa4 27. d5 Bg4 28.
Rxf6 Nd4 29. Nxd4 Qxd4+ 30. Qxd4 cxd4 31. Rxd6 d3 32. Ra6 Rxf1+ 0-1

[Event "World Senior Teams +50"]
[Site "Radebeul GER"]
[Date "2016.07.01"]
[Round "6.9"]
[Board "3"]
[White "Kainz, Josef"]
[Black "Seyb, Dieter"]
[Result "0-1"]
[BlackTitle "FM"]
[WhiteElo "1877"]
[BlackElo "2265"]
[WhiteTeam "Graz"]
[BlackTeam "SC Forchheim e.V."]
[WhiteFideId "1613030"]
[BlackFideId "4603346"]
[EventDate "2016.06.26"]

1. d4 Nf6 2. c4 g6 3. Nc3 d5 4. Nf3 Bg7 5. Qb3 dxc4 6. Qxc4 O-O 7. e4 a6 8. Be2
b5 9. Qb3 c5 10. e5 Be6 11. exf6 Bxb3 12. fxg7 Kxg7 13. axb3 cxd4 14. Nxb5 Nc6
15. Na3 d3 16. Bd1 e5 17. Bd2 e4 18. Bc3+ Kg8 19. Nd2 Qe7 20. O-O Nb4 21. Re1 f5
22. Nf3 Nd5 23. b4 Nxc3 24. Bb3+ Kh8 25. bxc3 a5 26. b5 Qc5 27. Nd2 Qxc3 28.
Red1 Rfd8 29. Nac4 f4 30. Ba4 Qd4 31. Re1 Rac8 32. Bb3 Re8 33. b6 e3 34. fxe3
fxe3 35. Nf3 Qc3 36. Nd6 Qxb3 37. b7 Rb8 38. Nxe8 d2 39. Reb1 e2 40. Nxd2 Qe3+
41. Kh1 Qxd2 42. h3 Rxb7 0-1

[Event "World Senior Teams +50"]
[Site "Radebeul GER"]
[Date "2016.07.01"]
[Round "6.9"]
[Board "4"]
[White "Kannenberg, Karl-Heinz"]
[Black "Teuschler, Hugo"]
[Result "1-0"]
[WhiteElo "2236"]
[BlackElo "2033"]
[WhiteTeam "SC Forchheim e.V."]
[BlackTeam "Graz"]
[WhiteFideId "4643348"]
[BlackFideId "1608517"]
[EventDate "2016.06.26"]

1. d4 d5 2. Bf4 Nf6 3. e3 e6 4. Nd2 c5 5. c3 Nc6 6. Bd3 Bd6 7. Bg5 h6 8. Bh4
cxd4 9. exd4 Be7 10. Qe2 Nd7 11. Bg3 O-O 12. f4 Re8 13. Ngf3 Nf8 14. Ne5 Nxe5
15. fxe5 f5 16. exf6 Bxf6 17. Nf3 a5 18. O-O Bd7 19. Ne5 Re7 20. Qg4 Bxe5 21.
Bxe5 Qe8 22. Rxf8+ Kxf8 23. Bg6 Qd8 24. Rf1+ Kg8 25. Bf7+ Rxf7 26. Rxf7 Kxf7 27.
Qxg7+ Ke8 28. Qg6+ Kf8 29. Bg7+ 1-0

[Event "World Senior Teams +50"]
[Site "Radebeul GER"]
[Date "2016.07.01"]
[Round "6.10"]
[Board "2"]
[White "Nehmert, Ulrich"]
[Black "Findlay, David John"]
[Result "0-1"]
[WhiteTitle "FM"]
[WhiteElo "2324"]
[BlackElo "2132"]
[WhiteTeam "Hessische Seniorenmannschaft"]
[BlackTeam "Scotland"]
[WhiteFideId "4600681"]
[BlackFideId "2400278"]
[EventDate "2016.06.26"]

1. d4 d5 2. Nf3 c5 3. dxc5 Nf6 4. c4 e6 5. cxd5 exd5 6. e3 Bxc5 7. Be2 Nc6 8.
O-O O-O 9. a3 a6 10. b4 Ba7 11. Bb2 Re8 12. Nd4 Ne5 13. Nd2 Qd6 14. N4f3 Neg4
15. g3 Rxe3 16. Nc4 Rxe2 17. Nxd6 Rxb2 18. Ne4 Nxe4 19. Qxd5 h6 20. Qxe4 Nxf2
21. Rxf2 Rxf2 22. Kh1 Bh3 23. Rg1 Rd8 24. Qxb7 Rd7 25. Qc8+ Kh7 26. Ne5 Bg2+ 0-1

[Event "World Senior Teams +50"]
[Site "Radebeul GER"]
[Date "2016.07.01"]
[Round "6.10"]
[Board "3"]
[White "Giulian, Rosemary A"]
[Black "Bosbach, Gerhard"]
[Result "1/2-1/2"]
[WhiteElo "1864"]
[BlackElo "2217"]
[WhiteTeam "Scotland"]
[BlackTeam "Hessische Seniorenmannschaft"]
[WhiteFideId "2400375"]
[BlackFideId "4605063"]
[EventDate "2016.06.26"]

1. e4 c5 2. c3 Nf6 3. e5 Nd5 4. d4 e6 5. Nf3 cxd4 6. cxd4 Nc6 7. Bc4 d6 8. O-O
dxe5 9. dxe5 Be7 10. Qe2 a6 11. a3 b5 12. Bd3 Bb7 13. Nc3 Nxc3 14. bxc3 Na5 15.
Nd4 Rc8 16. Rd1 Bd5 17. a4 O-O 18. axb5 axb5 19. Nxb5 Nc4 20. Bf4 Bg5 21. Qh5 1/2-1/2

[Event "World Senior Teams +50"]
[Site "Radebeul GER"]
[Date "2016.07.01"]
[Round "6.10"]
[Board "4"]
[White "Kargoll, Herbert"]
[Black "Jennings, Richard"]
[Result "1-0"]
[WhiteElo "2185"]
[BlackElo "1855"]
[WhiteTeam "Hessische Seniorenmannschaft"]
[BlackTeam "Scotland"]
[WhiteFideId "4636007"]
[BlackFideId "2404435"]
[EventDate "2016.06.26"]

1. e4 e6 2. d3 d5 3. Nd2 Bd7 4. g3 Bc6 5. Bg2 Nf6 6. e5 Nfd7 7. d4 Be7 8. Ne2 f6
9. Nf4 Nf8 10. exf6 Bxf6 11. Nf3 Bb5 12. a4 Ba6 13. Nd3 b6 14. b4 Nbd7 15. b5
Bb7 16. O-O Nc5 17. Nxc5 bxc5 18. Re1 a6 19. Ba3 axb5 20. axb5 cxd4 21. Bb2 Rxa1
22. Qxa1 Kf7 23. Bxd4 Nd7 24. Ne5+ Nxe5 25. Bxe5 Re8 26. Qc3 Qd6 27. Qxc7+ Qxc7
28. Bxc7 Rc8 29. b6 Bc3 30. Re3 Ra8 31. h4 Ra1+ 32. Kh2 d4 33. Re2 Bxg2 34. Kxg2
Rb1 35. Kf3 Rb2 36. Ke4 Ke7 37. Kd3 Kd7 38. Re5 Rb1 39. Re2 Rb4 40. h5 Rb5 41.
g4 Rb1 42. f4 Rg1 43. g5 Rh1 44. Rxe6 Kxe6 45. b7 Rb1 46. b8=Q Rxb8 47. Bxb8 g6
48. hxg6 hxg6 49. Ke4 Bb2 50. Be5 Bc3 51. Bxd4 Be1 52. c4 Bd2 53. Be5 Be1 54. c5
Bf2 55. c6 Bb6 56. c7 Kd7 57. Kd5 Ba5 58. c8=Q+ Kxc8 59. Ke6 Kd8 60. Kf7 1-0

[Event "World Senior Teams +50"]
[Site "Radebeul GER"]
[Date "2016.07.01"]
[Round "6.11"]
[Board "1"]
[White "Vogelmann, Peter"]
[Black "Wagner-Michel, Annett"]
[Result "1-0"]
[BlackTitle "WIM"]
[WhiteElo "2227"]
[BlackElo "2139"]
[WhiteTeam "SF Monheim Revival"]
[BlackTeam "Germany 1 Women"]
[WhiteFideId "4634330"]
[BlackFideId "4612205"]
[EventDate "2016.06.26"]

1. e4 c5 2. Nf3 Nc6 3. c3 d5 4. exd5 Qxd5 5. d4 Nf6 6. Be2 e6 7. O-O cxd4 8.
cxd4 Be7 9. Nc3 Qd8 10. Re1 O-O 11. a3 b6 12. Bd3 Bb7 13. Bc2 Re8 14. Qd3 g6 15.
Bh6 Qd6 16. h3 Rad8 17. Red1 Qb8 18. Qe2 a6 19. Bb3 Nd5 20. Ne4 Nf4 21. Qe3 Nd5
22. Qd2 Rd7 23. Bg5 Qd8 24. Bxd5 Rxd5 25. Bxe7 Qxe7 26. Qh6 Rh5 27. Qf4 Kg7 28.
d5 Rf5 29. Qc1 Rxd5 30. Qc3+ Ne5 31. Nxe5 f6 32. Ng4 Rxd1+ 33. Rxd1 Bxe4 34. Rd7
Qxd7 35. Qxf6+ 1-0

[Event "World Senior Teams +50"]
[Site "Radebeul GER"]
[Date "2016.07.01"]
[Round "6.11"]
[Board "2"]
[White "Mai, Iris"]
[Black "Huelsmann, Josef"]
[Result "1/2-1/2"]
[WhiteTitle "WIM"]
[WhiteElo "2094"]
[BlackElo "2211"]
[WhiteTeam "Germany 1 Women"]
[BlackTeam "SF Monheim Revival"]
[WhiteFideId "4627393"]
[BlackFideId "4607929"]
[EventDate "2016.06.26"]

1. d4 e6 2. c4 d5 3. Nc3 c5 4. e3 Nf6 5. cxd5 exd5 6. Bb5+ Nc6 7. Nge2 a6 8.
Bxc6+ bxc6 9. dxc5 Bxc5 10. O-O O-O 11. h3 Re8 12. b3 Qd6 13. Bb2 Ba7 14. Nd4
Bb8 15. Nf3 Bf5 16. Ne2 Ne4 17. Nf4 Qh6 18. Qd4 Ba7 19. Qd1 Rad8 20. Nd4 Bd7 21.
b4 Bb8 22. Rc1 g5 23. Nh5 Qd6 24. Nf3 g4 25. hxg4 Bxg4 26. Qd4 f6 27. Nxf6+ Nxf6
28. Qxf6 Qxf6 29. Bxf6 Rd6 30. Be5 Rg6 31. Bxb8 Bxf3 32. Bg3 Be2 33. Rfe1 Bb5
34. Red1 Re4 35. Rd4 Rxd4 36. exd4 Rg4 37. Be5 Re4 38. a3 Re2 39. Rc3 Rd2 40.
Rg3+ Kf8 41. Rg7 Bd3 42. Rc7 Rc2 43. a4 Kg8 44. Bd6 Rc4 45. Bc5 a5 46. bxa5 Rxa4
47. Bb6 Rc4 48. Bc5 Ra4 49. Ra7 Ra2 50. Bd6 Ra4 51. Be5 Ra2 52. f3 Kf8 53. Kh2
Bf1 54. Rg7 h6 55. Kg1 Bd3 56. Rc7 Rxa5 57. Bg7+ Kg8 58. Bxh6 Ra4 59. Bg7 Ra1+
60. Kh2 Ra2 61. Be5 Bf1 62. Rg7+ Kf8 63. Kg1 Bd3 64. Rc7 Rc2 65. Ra7 Kg8 66. Ra3
Rd2 67. g4 Kf7 68. f4 Be4 69. Ra7+ Kf8 70. Rg7 Bf3 71. g5 Be4 72. Rd7 Ke8 73.
Rd6 Rc2 74. Rf6 Ke7 75. Kf1 Rc1+ 76. Kf2 Rc2+ 77. Ke3 Rc3+ 78. Kd2 Rg3 79. Rxc6
Kf7 80. Rf6+ Kg8 81. Kc1 Rg2 82. Bd6 Kg7 83. Bb4 Rf2 84. Bf8+ Kh7 85. Bb4 Kg7
86. Bd6 Bg6 87. Be5 Be4 88. f5 Kg8 89. Rg6+ Kf8 90. Bd6+ Ke8 91. Rg8+ Kd7 92.
Be5 Rxf5 1/2-1/2

[Event "World Senior Teams +50"]
[Site "Radebeul GER"]
[Date "2016.07.01"]
[Round "6.11"]
[Board "3"]
[White "Weisshaupt, Rainer"]
[Black "Wolf, Sylvia"]
[Result "0-1"]
[BlackTitle "WFM"]
[WhiteElo "2114"]
[BlackElo "2034"]
[WhiteTeam "SF Monheim Revival"]
[BlackTeam "Germany 1 Women"]
[WhiteFideId "4621689"]
[BlackFideId "4612701"]
[EventDate "2016.06.26"]

1. d4 Nf6 2. c4 e6 3. Nc3 c5 4. d5 exd5 5. cxd5 d6 6. e4 g6 7. f4 Bg7 8. Bb5+
Nfd7 9. a4 Qh4+ 10. g3 Qe7 11. Qe2 O-O 12. Nf3 Re8 13. Bd3 Na6 14. O-O Nb4 15.
Re1 a6 16. h3 Nxd3 17. Qxd3 h5 18. Kg2 Rb8 19. Ra2 Qd8 20. Bd2 Qc7 21. b3 b5 22.
axb5 axb5 23. Nxb5 Qb6 24. Na3 Qxb3 25. Qxb3 Rxb3 26. Nc4 Bf8 27. e5 Nb6 28.
Nxd6 Bxd6 29. exd6 Rd8 30. Rc1 Bb7 31. Rxc5 Bxd5 32. Rxd5 Nxd5 33. Ra6 Rb2 34.
Kf1 Rb1+ 35. Kf2 Nf6 36. Ba5 Rxd6 37. Rxd6 Ne4+ 38. Kg2 Nxd6 39. Bd8 Rb2+ 40.
Kg1 Ne4 41. g4 hxg4 42. hxg4 Rf2 0-1

[Event "World Senior Teams +50"]
[Site "Radebeul GER"]
[Date "2016.07.01"]
[Round "6.11"]
[Board "4"]
[White "Jeske, Kirsten"]
[Black "Ponater, Michael"]
[Result "0-1"]
[WhiteElo "1960"]
[BlackElo "2159"]
[WhiteTeam "Germany 1 Women"]
[BlackTeam "SF Monheim Revival"]
[WhiteFideId "4612728"]
[BlackFideId "4623983"]
[EventDate "2016.06.26"]

1. e4 c5 2. Nf3 g6 3. d4 cxd4 4. Nxd4 Bg7 5. Nc3 Nc6 6. Be3 Nf6 7. Be2 O-O 8.
O-O d5 9. exd5 Nb4 10. Qd2 Nbxd5 11. Nxd5 Nxd5 12. Bh6 e5 13. Bxg7 Kxg7 14. Nb3
Nf4 15. Qxd8 Nxe2+ 0-1

[Event "World Senior Teams +50"]
[Site "Radebeul GER"]
[Date "2016.07.01"]
[Round "6.12"]
[Board "1"]
[White "Waschk, Armin"]
[Black "Petran, Peter"]
[Result "1/2-1/2"]
[BlackTitle "IM"]
[WhiteElo "2183"]
[BlackElo "2331"]
[WhiteTeam "Dettmann"]
[BlackTeam "Slovakia"]
[WhiteFideId "4630866"]
[BlackFideId "14900114"]
[EventDate "2016.06.26"]

1. e4 g6 2. d4 Bg7 3. Nc3 d6 4. Be3 a6 5. Qd2 b5 6. f3 Nd7 7. a4 b4 8. Nd1 a5 9.
Bd3 c6 10. Ne2 Qc7 11. c3 Rb8 12. O-O Ngf6 13. Nf2 O-O 14. Rfc1 bxc3 15. bxc3 c5
16. Qa2 e6 17. Rab1 Bb7 18. Rb2 Bc6 19. Bb5 Bb7 20. Bd3 Rfc8 21. Rcb1 Ba8 22.
dxc5 1/2-1/2